000 00584cam a22002291 4500
001 sa 65005866
003 DLC
005 20260227112139.0
008 890707s1964 ii a 000 0 beno
010 _asa 65005866
035 _a(OCoLC)19979544
040 _aDLC
_cWaU
_dDLC
041 0 _abensan
042 _apremarc
050 0 0 _aPK3795
_b.A1 1964
100 0 _aKālidāsa.
245 1 0 _aMeghadūta.
260 _c[1964]
300 _a26, 116 p.
_billus.
_c19 cm.
500 _aBengali and Sanskrit; introductory matter in Bengali.
700 1 _aBanerjee, Hiranmay,
_d1905-
999 _c64427
_d64427